000 00263nam a2200109Ia 4500
008 220204s9999 xx 000 0 und d
082 _a678.065:62
_bFRE
100 _aFrench, Tom
245 0 _aTyre technology
260 _aNew York
_bAdam Hilger
_c1988
942 _cBK
999 _c40539
_d40539